Medieval philosophy of religion / (Record no. 127027)
[ view plain ]
| 000 -LEADER | |
|---|---|
| fixed length control field | 01304cam a2200289 a 4500 |
| 001 - CONTROL NUMBER | |
| control field | 15662471 |
| 003 - CONTROL NUMBER IDENTIFIER | |
| control field | ARRUPE |
| 005 - DATE AND TIME OF LATEST TRANSACTION | |
| control field | 20171004110110.0 |
| 008 - FIXED-LENGTH DATA ELEMENTS--GENERAL INFORMATION | |
| fixed length control field | 090317s2009 nyu b 001 0 eng |
| 010 ## - LIBRARY OF CONGRESS CONTROL NUMBER | |
| LC control number | 2009011336 |
| 020 ## - INTERNATIONAL STANDARD BOOK NUMBER | |
| International Standard Book Number | 9780195394283 |
| 040 ## - CATALOGING SOURCE | |
| Original cataloging agency | DLC |
| Transcribing agency | DLC |
| Modifying agency | DLC |
| 050 00 - LIBRARY OF CONGRESS CALL NUMBER | |
| Classification number | BL51 |
| Item number | .H575 2009 |
| 082 00 - DEWEY DECIMAL CLASSIFICATION NUMBER | |
| Classification number | 210.9 |
| Edition number | 22 |
| 300 ## - PHYSICAL DESCRIPTION | |
| Dimensions | 25 cm. |
| 245 04 - TITLE STATEMENT | |
| Title | Medieval philosophy of religion / |
| Statement of responsibility, etc | edited by Graham Oppy and Nick Trakakis. |
| 260 ## - PUBLICATION, DISTRIBUTION, ETC. (IMPRINT) | |
| Place of publication, distribution, etc | Durham : |
| Name of publisher, distributor, etc | Acumen Publishing limited, |
| Date of publication, distribution, etc | 2009. |
| 300 ## - PHYSICAL DESCRIPTION | |
| Extent | xiv, 289p. ; |
| 440 ## - SERIES STATEMENT/ADDED ENTRY--TITLE | |
| Title | The history of western philosophy of religion |
| Volume number/sequential designation | vol. 2 |
| 9 (RLIN) | 36695 |
| 504 ## - BIBLIOGRAPHY, ETC. NOTE | |
| Bibliography, etc | Includes bibliographical references and index. |
| 505 10 - FORMATTED CONTENTS NOTE | |
| Formatted contents note | v. 1. Ancient philosophy of religion -- v. 2. Medieval philosophy of religion -- v. 3. Early modern philosophy of religion -- v. 4. Nineteenth-century philosophy of religion -- v. 5 Twentieth-century philosophy of religion. |
| 650 #0 - SUBJECT ADDED ENTRY--TOPICAL TERM | |
| Topical term or geographic name as entry element | Religion |
| General subdivision | Philosophy |
| -- | History. |
| 9 (RLIN) | 36690 |
| 700 1# - ADDED ENTRY--PERSONAL NAME | |
| Personal name | Oppy, Graham Robert. |
| 9 (RLIN) | 36691 |
| 700 1# - ADDED ENTRY--PERSONAL NAME | |
| Personal name | Trakakis, Nick. |
| 9 (RLIN) | 36692 |
| 906 ## - LOCAL DATA ELEMENT F, LDF (RLIN) | |
| a | 7 |
| b | cbc |
| c | origcop |
| d | 2 |
| e | ncip |
| f | 20 |
| g | y-gencatlg |
| 942 ## - ADDED ENTRY ELEMENTS (KOHA) | |
| Source of classification or shelving scheme | Library of Congress Classification |
| Koha item type | Monograph ( Printed materials) |
| Withdrawn status | Lost status | Source of classification or shelving scheme | Damaged status | Not for loan | Collection code | Home library | Current library | Shelving location | Date acquired | Total Checkouts | Full call number | Barcode | Date last seen | Date checked out | Price effective from | Koha item type |
|---|---|---|---|---|---|---|---|---|---|---|---|---|---|---|---|---|
| Library of Congress Classification | Main Collection | ARRUPE LIBRARY | ARRUPE LIBRARY | Main Collection | 04/10/2017 | 1 | BL51 .H575 2009 | 46500027768 | 20/11/2017 | 13/11/2017 | 04/10/2017 | Monograph ( Printed materials) |